|
|
|
|
| LEADER |
01104nam a2200277 a 4500 |
| 001 |
4451346 |
| 008 |
111117s1996 enk b 001 0 eng |
| 010 |
|
|
|a 95016773
|
| 020 |
|
|
|a 0521551218
|
| 020 |
|
|
|a 0521559073 (pbk.)
|
| 040 |
|
|
|a DLC
|c DLC
|d DLC
|b D-DhAAL
|
| 050 |
0 |
0 |
|a P53.85
|b .T4 1996
|
| 082 |
0 |
0 |
|a 418/.007
|2 20
|
| 245 |
0 |
0 |
|a Teacher learning in language teaching /
|c edited by Donald Freeman and Jack C. Richards.
|
| 260 |
|
|
|a Cambridge [Eng.] ;
|a New York :
|b Cambridge University Press,
|c 1996.
|
| 300 |
|
|
|a x, 388 p. ;
|c 23 cm.
|
| 490 |
0 |
|
|a Cambridge language teaching library
|
| 500 |
|
|
|a Includes bibliographical references and indexes.
|
| 541 |
|
|
|e 00015678
|
| 650 |
|
0 |
|a Language and languages
|x Study and teaching.
|
| 650 |
|
0 |
|a Language teachers
|x Training of.
|
| 700 |
1 |
|
|a Freeman, Donald.
|
| 700 |
1 |
|
|a Richards, Jack C.
|
| 852 |
1 |
|
|a Ayesha Abed Library
|c General shelf.
|
| 999 |
|
|
|c 11426
|d 11426
|
| 952 |
|
|
|0 0
|1 0
|2 ddc
|4 0
|6 418_007000000000000_TEA
|7 0
|9 18570
|a BRACUL
|b BRACUL
|c GEN
|d 2011-11-17
|l 4
|m 25
|o 418.007 TEA
|p 3010015678
|r 2024-02-17
|s 2024-02-01
|t 1
|w 2011-11-17
|y BK
|x Koha Inventory 2020
|